| 000 | 00477nam a2200169 a 4500 | ||
|---|---|---|---|
| 001 | 356 | ||
| 003 | CDMR | ||
| 005 | 20130927115650.0 | ||
| 008 | 130130s1988||||||||||||||||||||||||||||d | ||
| 020 | _a8440430000 | ||
| 040 |
_aCDMR _bcat _cCDMR |
||
| 100 | 1 |
_aEsteve Ramírez, Francisco _9243 |
|
| 245 | 1 | 0 | _aBibliografía de la información periodística especializada |
| 260 |
_aHuelva _c1988 _bAsociación de la Prensa |
||
| 650 | 0 | 4 |
_93330 _aPeriodisme especialitzat |
| 942 |
_cMON _2udc |
||
| 999 |
_c356 _d356 |
||